000 00417nam a2200157 a 4500
005 20140310183301.0
008 050510s19uu xx 00 eng d
020 _a0722188641
050 _aPS 3573.A426
_b.W187 1986
100 _aWallace, Irving
245 _aThe seventh secret/.
_cIrving Wallace
260 _aLondon ;
_bSphere Books,
_c1986.
300 _a375 p. :
_c17 cm.
942 _cBK
_2lcc
999 _c20993
_d20993